000
00274nam a2200121Ia 4500
008
190216s9999||||xx |||||||||||||| ||und||
100
_a
Raman B S
245
0
_a
Banking Theory And Practice
260
_b
United Pub
_c
1998
300
_a
837p
650
_a
Commerce
942
_c
BK
999
_c
5664
_d
5664